Eisenbahn Trivia - Statistiken

Allgemein
  • Dieses Quiz wurde 85 mal gespielt
  • Das Durchschnittsergebnis liegt bei 9 aus 15
Antwortstatistiken
Hint Antwort % Korrekt
Wo kam es 1998 zum schwersten Eisenbahnunglück in der Geschichte der BRD? Eschede
87%
Wie hieß die erste Dampflok, die in Deutschland zum Einsatz kam? Adler
81%
Wie heißt das europäisch einheitliche Zugbeeinflussungssystem? ETCS
66%
Welcher Zug wird bei der DB unter der Baureihe 401 geführt? ICE 1
66%
In welcher Jahr fand die Bahnreform in Deutschland statt? 1994
65%
Welcher Bahnhof in Deutschland hat die meisten Gleise? München Hbf
65%
Welcher ist der größte Rangierbahnhof in Deutschland? Maschen
57%
Auf welcher Strecke kam es 2024 zur ersten Generalsanierung im Netz der DB? Riedbahn
56%
Über welche Ostseeinsel führt diese Verbindung? Fehmarn
53%
Was ist der Fachbegriff für den Stromabnehmer eines Zuges? Pantograph
53%
Wie nennt man die Verbindung zwischen Hamburg und Kopenhagen? Vogelfluglinie
53%
Welche Geschwindigkeit darf bei der PZB nicht überschritten werden? 160 km/h
50%
Wer ist der aktueller Vorstandsvorsitzende der DB AG? Richard Lutz
49%
Wie heißt die mit Dampfloks betriebene Schmalspurbahn auf Rügen? Rasender Roland
43%
Welcher Signalbegriff zeigt "Halt erwarten" im H/V-Signalsystem? Vr 0
31%
Keine übereinstimmenden Quizze gefunden
Verteilung der Resultate
Anzahl Personen mit jedem Resultat
Perzentil nach korrekt beantworteten Fragen
Ihre Resultats-Entwicklung
Sie haben dieses Quiz noch nicht gespielt